You don't know me (victorious) - lyrics - Statistics

General Stats
  • This quiz has been taken 66 times
  • The average score is 242 of 264
Answer Stats
Answer % Correct
at
100%
But
100%
You
100%
don't
100%
dont
100%
I
100%
know
100%
l-
100%
Louder
100%
louder
100%
Louder,
100%
louder,
100%
me
100%
scream
100%
think
100%
you
100%
You
100%
back
97%
Harder
97%
harder
97%
Harder,
97%
I'll
97%
push
97%
dangerous
94%
I'm
94%
and
92%
And
92%
cant
92%
to
92%
control
89%
listen
89%
Listen
89%
So
89%
so
89%
warning
86%
of
83%
afraid
81%
convince
81%
look
81%
own
81%
see
81%
you're
81%
not
78%
one
78%
the
78%
just
75%
Just
75%
thing
72%
have
69%
that
69%
there's
69%
There's
69%
get
64%
okay
64%
feels
61%
is
61%
ice
58%
It
56%
melting
56%
what
56%
pain
53%
got
50%
into
50%
getting
47%
much
47%
(hey)
44%
more
42%
longer
39%
stay
39%
want
36%
than
33%
No matching quizzes found
Score Distribution
Percent of People with Each Score
Percentile by Number Answered
Your Score History
You have not taken this quiz